<?xml version="1.0" encoding="UTF-8"?>
<record
    xmlns:xsi="http://www.w3.org/2001/XMLSchema-instance"
    xsi:schemaLocation="http://www.loc.gov/MARC21/slim http://www.loc.gov/standards/marcxml/schema/MARC21slim.xsd"
    xmlns="http://www.loc.gov/MARC21/slim">

  <leader>01677nam a2200265 i 4500</leader>
  <controlfield tag="003">DO-SdBNP</controlfield>
  <controlfield tag="005">20250129132542.0</controlfield>
  <controlfield tag="007">ta</controlfield>
  <controlfield tag="008">230810e1987    dr ||||| |||| 00| 0 spa d</controlfield>
  <datafield tag="040" ind1=" " ind2=" ">
    <subfield code="a">DO-SdBNP</subfield>
    <subfield code="b">spa</subfield>
    <subfield code="c">BNPHU</subfield>
    <subfield code="e">rda</subfield>
  </datafield>
  <datafield tag="082" ind1=" " ind2="4">
    <subfield code="a">xxx</subfield>
    <subfield code="b">C239d</subfield>
    <subfield code="2">22</subfield>
  </datafield>
  <datafield tag="245" ind1="1" ind2="0">
    <subfield code="a">Descubramos el mundo :</subfield>
    <subfield code="b">libro de lectura /</subfield>
    <subfield code="c">Bel&#xE9;n Mercedes Capestany</subfield>
  </datafield>
  <datafield tag="246" ind1="1" ind2="4">
    <subfield code="a">Descubramos el mundo :</subfield>
    <subfield code="b">Gu&#xED;a did&#xE1;ctica para el libro de texto de tercer grado - nivel primario, lengua materna.</subfield>
  </datafield>
  <datafield tag="264" ind1=" " ind2="1">
    <subfield code="a">Santo Domingo :</subfield>
    <subfield code="b">Secretar&#xED;a de Estado de Educaci&#xF3;n, Bellas Artes y Cultos,</subfield>
    <subfield code="c">1987.</subfield>
  </datafield>
  <datafield tag="300" ind1=" " ind2=" ">
    <subfield code="a">26 p&#xE1;ginas ;</subfield>
    <subfield code="c">22 cm.</subfield>
  </datafield>
  <datafield tag="336" ind1=" " ind2=" ">
    <subfield code="a">texto</subfield>
    <subfield code="b">rda</subfield>
    <subfield code="2">rdacontent</subfield>
  </datafield>
  <datafield tag="337" ind1=" " ind2=" ">
    <subfield code="a">sin mediaci&#xF3;n</subfield>
    <subfield code="b">n</subfield>
    <subfield code="2">rdamedia </subfield>
  </datafield>
  <datafield tag="338" ind1=" " ind2=" ">
    <subfield code="a">volumen</subfield>
    <subfield code="b">nc</subfield>
    <subfield code="2">rdacarrier</subfield>
  </datafield>
  <datafield tag="500" ind1=" " ind2=" ">
    <subfield code="a">Gu&#xED;a did&#xE1;ctica para el libro de texto de tercer grado.</subfield>
  </datafield>
  <datafield tag="505" ind1=" " ind2=" ">
    <subfield code="a">Presentaci&#xF3;n-- </subfield>
    <subfield code="t">Introducci&#xF3;n-- </subfield>
    <subfield code="t">Orientaci&#xF3;n generales--</subfield>
    <subfield code="t">Recomendaciones espec&#xED;ficas para el desarrollo de las lecciones : El primer d&#xED;a de clases--</subfield>
    <subfield code="t">La aventura de Pil&#xED;n--</subfield>
    <subfield code="t">A mis padres--</subfield>
    <subfield code="t">El d&#xED;a de navidad--</subfield>
    <subfield code="t">El congreso de los ratones--</subfield>
    <subfield code="t">La reina de las flores--</subfield>
    <subfield code="t">Los mangos bajitos--</subfield>
    <subfield code="t">La cigarra y la hormiga--</subfield>
    <subfield code="t">El tesoro de la tierra-- </subfield>
    <subfield code="t">La vaca estudiosa-- </subfield>
    <subfield code="t">C&#xF3;mo viven las abejas-- </subfield>
    <subfield code="t">Grito de los animales.</subfield>
  </datafield>
  <datafield tag="505" ind1=" " ind2=" ">
    <subfield code="a">Cosas sobre el elefante--</subfield>
    <subfield code="t">La maravillas del mar-- </subfield>
    <subfield code="t">As&#xED; es el aire-- </subfield>
    <subfield code="t">El hogar-- </subfield>
    <subfield code="t">El grillo y sus amigos-- </subfield>
    <subfield code="t">Una excursi&#xF3;n por el Suroeste-- </subfield>
    <subfield code="t">Caracola y caracol-- </subfield>
    <subfield code="t">El merengue-- </subfield>
    <subfield code="t">La hija de la lluvia-- </subfield>
    <subfield code="t">El Carnaval de mi pa&#xED;s-- </subfield>
    <subfield code="t">El perro rojo.</subfield>
  </datafield>
  <datafield tag="590" ind1=" " ind2=" ">
    <subfield code="a">Inventariado 2023 / MF</subfield>
  </datafield>
  <datafield tag="710" ind1=" " ind2=" ">
    <subfield code="a">Rep&#xFA;blica Dominicana</subfield>
    <subfield code="b">Secretar&#xED;a de Estado de Educaci&#xF3;n, Bellas Artes y Cultos</subfield>
    <subfield code="9">57502</subfield>
  </datafield>
  <datafield tag="942" ind1=" " ind2=" ">
    <subfield code="2">ddc</subfield>
    <subfield code="c">LF2</subfield>
  </datafield>
  <datafield tag="952" ind1=" " ind2=" ">
    <subfield code="0">0</subfield>
    <subfield code="1">0</subfield>
    <subfield code="2">ddc</subfield>
    <subfield code="5">1</subfield>
    <subfield code="7">0</subfield>
    <subfield code="8">PD</subfield>
    <subfield code="a">BNPHU</subfield>
    <subfield code="b">BNPHU</subfield>
    <subfield code="c">CT</subfield>
    <subfield code="d">2014-10-10</subfield>
    <subfield code="e">Donaci&#xF3;n</subfield>
    <subfield code="l">0</subfield>
    <subfield code="o">BNPHU PD C239d</subfield>
    <subfield code="p">2023-5303</subfield>
    <subfield code="r">2023-08-10</subfield>
    <subfield code="w">2023-08-10</subfield>
    <subfield code="y">LF2</subfield>
    <subfield code="z">Perteneci&#xF3; a la biblioteca personal de B&#xE1;rbara Suncar.</subfield>
  </datafield>
  <datafield tag="999" ind1=" " ind2=" ">
    <subfield code="c">54381</subfield>
    <subfield code="d">54381</subfield>
  </datafield>
</record>
